| 000 | 00542nam a22000977a 4500 | ||
|---|---|---|---|
| 008 | 150617b xxu||||| |||| 00| 0 eng d | ||
| 010 | _8HCMCF:120 | ||
| 245 | _aHIGH COURT MISCELLANEOUS CAUSE NO.06 OF 2014 IN THE MATTER OF SECTIONS 34(a)&42(1) (a)OF THE JUDICATURE ACT CAP 13 AND IN THE MATTER OF AN APPLICATION BY ROXANE TURNER AND JOYCE NALUBOWA FOR WRIT OF HABEAS CORPUS AD SUBJICIENDUM IN RESPECT OF MUDONDO AZIZA TURNER AND ACHIPA ROSE TURNER (BOTH INFANTS) | ||
| 260 | _aHigh Court Kampala | ||
| 500 | _3BEFORE:Lady Justice Percy Night Tuhaise | ||
| 999 |
_c6334 _d6334 |
||